000 00575nam a2200181Ia 4500
005 20250326142919.0
008 250326s9999 xx 000 0 und d
037 _aTextbook
040 _aFMSL
_beng
_cFMSL
041 _aeng
_2eng
084 _aX:9356g P3 (R)
_qFMSL
100 _aArmstrong M
_9735375
245 0 _aHandbook of Reward Management:remuneration strategy and practice
_cArmstrong M; Murlis H
260 _aNew Delhi
_bNew Delhi, Crest Publishing House
_c2003
300 _axiv,682
942 _cTB
_hX:9356g P3 (R)
999 _c1297241
_d1297241